|
|
|
|
| LEADER |
00000cam a2200000 7i4500 |
| 001 |
0000090185 |
| 005 |
20230125163900.0 |
| 008 |
220921 |
| 020 |
|
|
|a 9781599953625
|
| 041 |
|
|
|a English
|
| 090 |
0 |
0 |
|a 658.4092
|b MAX
|
| 100 |
0 |
|
|a Maxwell, John C.
|
| 245 |
1 |
0 |
|a How successful people lead
|c John C. Maxwell
|
| 260 |
|
|
|a New York :
|b Center Street ,
|c 2013
|
| 300 |
|
|
|a 148 p. ;
|c 16.4 cm.
|
| 541 |
|
|
|c Purchase on 2022
|f SA 11/21 ADAM
|h RM38.90
|
| 650 |
|
0 |
|a Leardership
|
| 650 |
|
0 |
|a Leardership
|x Social aspects
|
| 730 |
0 |
|
|a Title
|
| 999 |
|
|
|a 0001688993
|b Book
|c Adult Collection
|e Perbadanan Perpustakaan Awam Johor
|